| 000 | 00399nam a2200145Ia 4500 | ||
|---|---|---|---|
| 008 | 231221s9999 xx 000 0 und d | ||
| 041 | _aEnglish | ||
| 082 | _a001.535 CHA | ||
| 100 | _aCharniak, Eugene McDermott, Drew | ||
| 245 | 0 | _aIntroduction to artificial intelligence | |
| 260 |
_c1985 _bPearson Education _aDelhi |
||
| 300 | _axvii+701 | ||
| 650 | _aartificial,intelligence | ||
| 942 | _cBC | ||
| 999 |
_c201921 _d201921 |
||